| 000 -CABECERA |
| campo de control de longitud fija |
01231nam a2200277 a 4500 |
| 001 - NÚMERO DE CONTROL |
| campo de control |
000079235 |
| 005 - FECHA Y HORA DE LA ÚLTIMA TRANSACCIÓN |
| campo de control |
20200120224325.0 |
| 008 - DATOS DE LONGITUD FIJA--INFORMACIÓN GENERAL |
| campo de control de longitud fija |
150714s2013 ck | e|| 000 f spa d |
| 020 ## - NÚMERO INTERNACIONAL ESTÁNDAR DEL LIBRO |
| Número Internacional Estándar del Libro |
9789584238399 |
| 020 ## - NÚMERO INTERNACIONAL ESTÁNDAR DEL LIBRO |
| Número Internacional Estándar del Libro |
9788483837443 |
| 041 0# - CÓDIGO DE LENGUA |
| Código de lengua del texto/banda sonora o título independiente |
~spa |
| 082 04 - NÚMERO DE LA CLASIFICACIÓN DECIMAL DEWEY |
| Número de clasificación |
AN |
| Número de documento/Ítem |
MURHAa |
| Número de edición |
21 |
| 100 1# - ENTRADA PRINCIPAL--NOMBRE DE PERSONA |
| Nombre de persona |
Murakami, Haruki |
| 245 10 - MENCIÓN DE TÍTULO |
| Título |
Los años de peregrinación del chico sin color / |
| Mención de responsabilidad, etc. |
Haruki Murakami ; Traducido por Gabriel Álvarez Martínez. |
| 250 ## - MENCIÓN DE EDICIÓN |
| Mención de edición |
1a. ed. |
| 260 ## - PUBLICACIÓN, DISTRIBUCIÓN, ETC. |
| Lugar de publicación, distribución, etc. |
Bogotá : |
| Nombre del editor, distribuidor, etc. |
Tusquets, |
| Fecha de publicación, distribución, etc. |
2013. |
| 300 ## - DESCRIPCIÓN FÍSICA |
| Extensión |
320 p. |
| 490 #0 - MENCIÓN DE SERIE |
| Mención de serie |
Andanzas |
| 500 ## - NOTA GENERAL |
| Nota general |
Ej.1 de Mosquera compras 2016 con ISBN 9789876701952 |
| 520 3# - SUMARIO, ETC. |
| Sumario, etc. |
"Una entrañable novela sobre la amistad, el amor y la soledad de aquellos que todavía no han encontrado su lugar en el mundo. Cuando Tsukuru Tazaki era adolescente, le gustaba sentarse en las estaciones a ver pasar los trenes. Ahora, con treinta y seis años, es un ingeniero que diseña y construye estaciones de tren, pero en el fondo no ha dejado de ver pasar los trenes." |
| 650 14 - PUNTO DE ACCESO ADICIONAL DE MATERIA--TÉRMINO DE MATERIA |
| Término de materia o nombre geográfico como elemento de entrada |
Novela adulto japonesa |
| 650 24 - PUNTO DE ACCESO ADICIONAL DE MATERIA--TÉRMINO DE MATERIA |
| Término de materia o nombre geográfico como elemento de entrada |
Literatura japonesa |
| 650 24 - PUNTO DE ACCESO ADICIONAL DE MATERIA--TÉRMINO DE MATERIA |
| Término de materia o nombre geográfico como elemento de entrada |
Amistad en la literatura |
| 650 24 - PUNTO DE ACCESO ADICIONAL DE MATERIA--TÉRMINO DE MATERIA |
| Término de materia o nombre geográfico como elemento de entrada |
Relaciones humanas en la literatura |
| 700 1# - PUNTO DE ACCESO ADICIONAL--NOMBRE DE PERSONA |
| Nombre de persona |
Álvarez Martínez, Gabriel |
| Títulos y otros términos asociados al nombre |
Traductor |